Castellano. primer curso /

Guardado en:
Autor Principal: Lacau, Maria H. P. Mujica De
Formato: Libro
Publicado: Argentina : Ciordia & Rodríguez, 1957
Edición:4a. ed.
Materias:
Etiquetas: Agregar Etiqueta
Sin Etiquetas, Sea el primero en etiquetar este registro!
LEADER 00712nam a22002055a 4500
001 CEM.cems003665
005 19000101000000.0
008 130507s1957##################000#0#####d
003 CEMS
082 0 4 |a 468 
100 1 |a Lacau, Maria H. P. Mujica De 
245 1 0 |a Castellano. primer curso / 
250 |a 4a. ed. 
260 |a Argentina :  |b Ciordia & Rodríguez,  |c 1957 
300 |a 177 p. 
653 |a Lengua y literatura 
859 |a CEMS  |b BIB. CEMS - 11 de abril  |h 468  |i L116-1a4/I  |p 6088.77  |t Ej.1 
859 |a CEMS  |b BIB. CEMS - 11 de abril  |h 468  |i L116-1a4/I  |p 6089.77  |t Ej.2 
859 |a CEMS  |b BIB. CEMS - 11 de abril  |h 468  |i L116-1a4/I  |p 6090.77  |t Ej.3 
859 |a CEMS  |b BIB. CEMS - 11 de abril  |h 468  |i L116-1a4/I  |p 6091.77  |t Ej.4